[Event "PRO League Stage"]
[Site "Chess.com INT"]
[Date "2018.02.24"]
[Round "7"]
[White "Altounian, Levon"]
[Black "Blomqvist, Erik"]
[Result "1/2-1/2"]
[WhiteElo "2443"]
[BlackElo "2502"]
[PlyCount "74"]
[EventDate "2018.01.18"]
[EventType "team-swiss (rapid)"]
[EventRounds "9"]
[EventCountry "USA"]
[SourceTitle "EXT 2019"]
[Source "ChessBase"]
[SourceDate "2018.10.10"]
[SourceVersion "1"]
[SourceVersionDate "2018.10.10"]
[SourceQuality "1"]
[WhiteTeam "Las Vegas Desert Rats"]
[BlackTeam "Stockholm Snowballs"]
[WhiteTeamCountry "USA"]
[BlackTeamCountry "SWE"]

1. Nf3 d5 2. g3 Nf6 3. Bg2 e6 4. 0-0 Be7 5. c4 0-0 6. d4 Nbd7 7. Qc2 c6 8. Nbd2 b6 9. b3 a5 10. Bb2 Bb7 11. e4 Qb8 12. Rfe1 Rc8 13. Rac1 a4 14. Qb1 axb3 15. axb3 Bb4 16. Bc3 Bxc3 17. Rxc3 c5 18. exd5 exd5 19. Rce3 Nf8 20. Qb2 h6 21. h3 Ra7 22. Ra1 Rxa1+ 23. Qxa1 Ne6 24. dxc5 bxc5 25. cxd5 Bxd5 26. Qe5 Qb7 27. Nc4 Ra8 28. Nd6 Qc7 29. Nf5 Qxe5 30. Nxe5 Ra1+ 31. Kh2 Bxg2 32. Kxg2 h5 33. Nd6 Nd5 34. Rd3 Nb4 35. Rc3 f6 36. Nd3 Nd5 37. Rc1 Rxc1 1/2-1/2

[Event "PRO League Stage"]
[Site "Chess.com INT"]
[Date "2018.02.24"]
[Round "7"]
[White "Altounian, Levon"]
[Black "Gorodetzky, David"]
[Result "0-1"]
[WhiteElo "2443"]
[BlackElo "2411"]
[PlyCount "98"]
[EventDate "2018.01.18"]
[EventType "team-swiss (rapid)"]
[EventRounds "9"]
[EventCountry "USA"]
[SourceTitle "EXT 2019"]
[Source "ChessBase"]
[SourceDate "2018.10.10"]
[SourceVersion "1"]
[SourceVersionDate "2018.10.10"]
[SourceQuality "1"]
[WhiteTeam "Las Vegas Desert Rats"]
[BlackTeam "London Towers"]
[WhiteTeamCountry "USA"]
[BlackTeamCountry "ENG"]

1. e4 e6 2. d4 d5 3. exd5 Qxd5 4. Nf3 Nf6 5. Be2 c5 6. Nc3 Qd8 7. 0-0 cxd4 8. Qxd4 Qxd4 9. Nxd4 a6 10. Bf3 Nbd7 11. Bf4 Bc5 12. Nb3 Bb6 13. Bd6 Bd8 14. Rfd1 Ra7 15. Nc5 b6 16. Nxd7 Nxd7 17. Bc6 Bc7 18. Na4 Bxd6 19. Rxd6 Ke7 20. Rad1 b5 21. Bxd7 Rxd7 22. Rxd7+ Bxd7 23. Nc5 Bc8 24. f4 h6 25. Kf2 g5 26. g3 Rg8 27. Rd3 f6 28. fxg5 hxg5 29. a4 Rh8 30. Kg1 bxa4 31. Nxa4 e5 32. Nc5 Bf5 33. Ra3 Rd8 34. Nd3 e4 35. Nb4 Rd2 36. c4 Be6 37. Nd5+ Bxd5 38. cxd5 Rxd5 39. Rxa6 Rd2 40. b4 Rb2 41. Rb6 f5 42. h4 f4 43. hxg5 f3 44. g6 e3 45. g7 Rg2+ 46. Kh1 Rxg3 47. Rb7+ Kf6 48. Kh2 Rg2+ 49. Kh3 e2 0-1

[Event "PRO League Stage"]
[Site "Chess.com INT"]
[Date "2018.02.24"]
[Round "7"]
[White "Li, Ruifeng"]
[Black "Altounian, Levon"]
[Result "1-0"]
[WhiteElo "2576"]
[BlackElo "2443"]
[PlyCount "59"]
[EventDate "2018.01.18"]
[EventType "team-swiss (rapid)"]
[EventRounds "9"]
[EventCountry "USA"]
[SourceTitle "EXT 2019"]
[Source "ChessBase"]
[SourceDate "2018.10.10"]
[SourceVersion "1"]
[SourceVersionDate "2018.10.10"]
[SourceQuality "1"]
[WhiteTeam "Norway Gnomes"]
[BlackTeam "Las Vegas Desert Rats"]
[WhiteTeamCountry "NOR"]
[BlackTeamCountry "USA"]

1. d4 d6 2. e4 Nf6 3. Nc3 c6 4. Nf3 Bg4 5. h3 Bh5 6. g4 Bg6 7. Qe2 e6 8. h4 h5 9. g5 Nfd7 10. Bf4 Be7 11. Bg3 0-0 12. Nd2 e5 13. d5 Nb6 14. Bg2 N8d7 15. dxc6 bxc6 16. Bf3 d5 17. Bxh5 d4 18. Nd1 Bxh5 19. Qxh5 Nc5 20. 0-0 Bd6 21. f3 Qd7 22. Nf2 Ne6 23. Ng4 Nf4 24. Bxf4 exf4 25. Kh2 Be7 26. Rg1 Qe6 27. e5 g6 28. Nf6+ Bxf6 29. gxf6 Rfd8 30. Qh6 1-0

[Event "Southern California-ch"]
[Site "Temecula"]
[Date "2016.07.10"]
[Round "6"]
[White "Altounian, Levon"]
[Black "Sheng, Joshua"]
[Result "1/2-1/2"]
[WhiteElo "2443"]
[BlackElo "2397"]
[PlyCount "64"]
[EventDate "2016.07.07"]
[EventType "tourn"]
[EventRounds "7"]
[EventCountry "USA"]
[EventCategory "5"]
[SourceTitle "EXT 2018"]
[Source "ChessBase"]
[SourceDate "2017.10.13"]
[SourceVersion "1"]
[SourceVersionDate "2017.10.13"]
[SourceQuality "1"]

1. Nf3 Nf6 2. g3 g6 3. b3 Bg7 4. Bb2 0-0 5. Bg2 d6 6. d4 c5 7. c4 d5 8. cxd5 Nxd5 9. Qd2 Nc7 10. 0-0 Nc6 11. Rd1 cxd4 12. Nxd4 Nxd4 13. Bxd4 Qxd4 14. Qxd4 Bxd4 15. Rxd4 Nb5 16. Rd2 Rb8 17. a4 Nc7 18. Na3 Be6 19. Rc1 Na6 20. Rc3 Rfc8 21. Rdc2 Rd8 22. f4 Nb4 23. Rb2 Rbc8 24. Rxc8 Bxc8 25. a5 Rd1+ 26. Kf2 b6 27. axb6 axb6 28. Nc4 b5 29. Rd2 Rxd2 30. Nxd2 Be6 31. Ke3 Nc2+ 32. Kf2 Nb4 1/2-1/2

[Event "Southern California-ch"]
[Site "Temecula"]
[Date "2016.07.09"]
[Round "4"]
[White "Altounian, Levon"]
[Black "Kiewra, Keaton F"]
[Result "1/2-1/2"]
[WhiteElo "2443"]
[BlackElo "2430"]
[PlyCount "125"]
[EventDate "2016.07.07"]
[EventType "tourn"]
[EventRounds "7"]
[EventCountry "USA"]
[EventCategory "5"]
[SourceTitle "EXT 2018"]
[Source "ChessBase"]
[SourceDate "2017.10.13"]
[SourceVersion "1"]
[SourceVersionDate "2017.10.13"]
[SourceQuality "1"]

1. Nf3 d5 2. g3 Nf6 3. Bg2 Bf5 4. 0-0 e6 5. c4 c6 6. d3 dxc4 7. dxc4 Qxd1 8. Rxd1 h6 9. Nc3 Nbd7 10. Bf4 g5 11. Bd2 Bg7 12. Nd4 Bg6 13. Nb3 0-0-0 14. Na5 Nc5 15. Be1 Nfe4 16. Bxe4 Nxe4 17. Na4 Kc7 18. c5 Rxd1 19. Rxd1 b5 20. f3 bxa4 21. fxe4 Bxe4 22. Nc4 Bd5 23. Nd6 f5 24. Ba5+ Kd7 25. Bc3 Rg8 26. Bxg7 Rxg7 27. Rd4 e5 28. Rxa4 Ke6 29. b3 h5 30. Kf2 e4 31. e3 Ke5 32. Nc4+ Bxc4 33. Rxc4 Rd7 34. Ke2 h4 35. b4 f4 36. gxf4+ gxf4 37. exf4+ Kxf4 38. Rc3 Rb7 39. a3 a5 40. bxa5 Rb2+ 41. Kd1 Rb5 42. a6 Ra5 43. Rb3 Rxa6 44. Rb6 Rxa3 45. Rxc6 Ra1+ 46. Kc2 Ra2+ 47. Kc3 Rxh2 48. Rh6 Rh1 49. c6 e3 50. Kd3 Rd1+ 51. Ke2 Rd2+ 52. Ke1 Kg3 53. Rg6+ Kf3 54. Rf6+ Ke4 55. Re6+ Kf3 56. Rf6+ Kg3 57. Rg6+ Kh2 58. c7 Rc2 59. Rg7 h3 60. Kd1 Rc3 61. Ke2 Kh1 62. Kf3 Kh2 63. Ke4 1/2-1/2

[Event "Southern California-ch"]
[Site "Temecula"]
[Date "2016.07.08"]
[Round "2"]
[White "Altounian, Levon"]
[Black "Clawitter, Craig"]
[Result "1-0"]
[WhiteElo "2443"]
[BlackElo "2091"]
[PlyCount "65"]
[EventDate "2016.07.07"]
[EventType "tourn"]
[EventRounds "7"]
[EventCountry "USA"]
[EventCategory "5"]
[SourceTitle "EXT 2018"]
[Source "ChessBase"]
[SourceDate "2017.10.13"]
[SourceVersion "1"]
[SourceVersionDate "2017.10.13"]
[SourceQuality "1"]

1. Nf3 Nf6 2. g3 d5 3. Bg2 g6 4. c4 c6 5. cxd5 cxd5 6. d4 Bg7 7. Nc3 Nc6 8. Ne5 0-0 9. 0-0 Bf5 10. Bf4 h6 11. Qd2 g5 12. Nxc6 bxc6 13. Be5 Qc8 14. Rac1 Qa6 15. h4 gxh4 16. Qf4 Bg6 17. Qxh4 Ne4 18. Nxe4 dxe4 19. Bxe4 Qxe2 20. Rce1 Qxb2 21. Bxg6 fxg6 22. Bxg7 Kxg7 23. Rxe7+ Rf7 24. Rxf7+ Kxf7 25. Re1 Qb4 26. Qf4+ Kg8 27. Re5 Kg7 28. Qe4 Rf8 29. Re7+ Rf7 30. Qe5+ Kg8 31. Re8+ Rf8 32. Qe6+ Kh8 33. Qf6+ 1-0

[Event "Titled Tuesday intern op 3rd March"]
[Site "Chess.com INT"]
[Date "2015.03.03"]
[Round "1"]
[White "O'Brien, Matthew"]
[Black "Altounian, Levon"]
[Result "0-1"]
[WhiteElo "2087"]
[BlackElo "2443"]
[PlyCount "120"]
[EventDate "2015.03.03"]
[EventType "swiss (blitz)"]
[EventRounds "9"]
[EventCountry "USA"]
[SourceTitle "EXT 2021"]
[Source "ChessBase"]
[SourceDate "2020.10.23"]
[SourceVersion "1"]
[SourceVersionDate "2020.10.23"]
[SourceQuality "1"]

1. e4 d5 2. exd5 Qxd5 3. Nc3 Qd6 4. Nf3 Nf6 5. d4 g6 6. Nb5 Qb6 7. Bc4 Bg7 8. Bf4 Na6 9. 0-0 c6 10. Nc3 0-0 11. Ne5 Qxb2 12. Na4 Qa3 13. Bb3 Nd5 14. Bc1 Qd6 15. c4 Nf6 16. c5 Qd8 17. h3 Nc7 18. Bb2 Be6 19. Re1 Bd5 20. Bc3 Rb8 21. Ba5 Qc8 22. Rc1 Nb5 23. f3 Bxb3 24. Qxb3 Nxd4 25. Qc4 Nb5 26. Bd2 Nd5 27. Nc3 Nbxc3 28. Bxc3 Nxc3 29. Rxc3 Qf5 30. Rce3 Rbe8 31. g4 Qg5 32. Nd7 e6 33. Nxf8 Bxf8 34. Kg2 Qxc5 35. Qxc5 Bxc5 36. Rb3 b6 37. Rd1 Re7 38. Rd8+ Kg7 39. Rbd3 a5 40. R3d7 Kf6 41. Rxe7 Kxe7 42. Rh8 b5 43. f4 a4 44. Rc8 Kd7 45. Rh8 Bd4 46. Rb8 f5 47. Kf3 a3 48. Rb7+ Kd6 49. Rxh7 c5 50. Rb7 b4 51. Rb6+ Kd5 52. h4 Bc3 53. gxf5 gxf5 54. h5 c4 55. h6 b3 56. axb3 a2 57. bxc4+ Kxc4 58. Rc6+ Kd3 59. Ra6 a1Q 60. Rxa1 Bxa1 0-1

[Event "USA tt"]
[Site "ICC INT"]
[Date "2013.10.23"]
[Round "9"]
[White "Anka, Emil"]
[Black "Altounian, Levon"]
[Result "1/2-1/2"]
[WhiteElo "2382"]
[BlackElo "2438"]
[PlyCount "95"]
[EventDate "2013.08.27"]
[EventType "team-tourn"]
[EventRounds "10"]
[EventCountry "USA"]
[SourceTitle "EXT 2014"]
[Source "ChessBase"]
[SourceDate "2013.11.20"]
[SourceVersion "1"]
[SourceVersionDate "2013.11.20"]
[SourceQuality "1"]
[WhiteTeam "Seattle"]
[BlackTeam "Arizona"]
[WhiteTeamCountry "USA"]
[BlackTeamCountry "USA"]

1. e4 e5 2. Nf3 d6 3. d4 exd4 4. Nxd4 Nf6 5. Nc3 Be7 6. Be2 0-0 7. 0-0 Re8 8. f4 Bf8 9. Bf3 c5 10. Nb3 Nc6 11. Re1 a5 12. a4 Nb4 13. Be3 Be6 14. Bf2 Qb6 15. Nd2 Rad8 16. f5 Bd7 17. Nc4 Qa6 18. Na3 Bc6 19. Bh4 Be7 20. Ncb5 Qb6 21. c3 d5 22. e5 Ne4 23. f6 Bf8 24. Kh1 Rxe5 25. cxb4 axb4 26. Bxe4 Rxe4 27. fxg7 Rxh4 28. gxf8Q+ Kxf8 29. Nc2 d4 30. Qe2 Re8 31. Qf2 Rg4 32. Rxe8+ Bxe8 33. Ne1 Qh6 34. Nf3 Bc6 35. Rf1 Rf4 36. Qg3 Qf6 37. h3 d3 38. Qf2 b6 39. Qe3 Bxf3 40. gxf3 Rh4 41. f4 c4 42. Rf2 Qf5 43. Kh2 Rh6 44. Nd4 Qd5 45. Rd2 Rd6 46. Nb5 Re6 47. Qf2 Re4 48. Kg3 1/2-1/2

[Event "USA tt playoff"]
[Site "ICC INT"]
[Date "2012.11.20"]
[Round "2"]
[White "Altounian, Levon"]
[Black "Orlov, Georgi"]
[Result "1/2-1/2"]
[WhiteElo "2438"]
[BlackElo "2469"]
[PlyCount "62"]
[EventDate "2012.11.12"]
[EventType "team-k.o."]
[EventRounds "3"]
[EventCountry "USA"]
[SourceTitle "CBM 151 Extra"]
[Source "ChessBase"]
[SourceDate "2012.12.18"]
[SourceVersion "1"]
[SourceVersionDate "2012.12.18"]
[SourceQuality "1"]
[WhiteTeam "Arizona"]
[BlackTeam "Seattle"]
[WhiteTeamCountry "USA"]
[BlackTeamCountry "USA"]

1. e4 c5 2. c3 Nf6 3. e5 Nd5 4. Nf3 e6 5. d4 cxd4 6. cxd4 d6 7. Bc4 Nc6 8. 0-0 Be7 9. Qe2 Nb6 10. Bd3 Nb4 11. exd6 Qxd6 12. Be4 f5 13. Bd3 Nxd3 14. Qxd3 Nd5 15. Nc3 0-0 16. Bg5 Bxg5 17. Nxg5 Bd7 18. Rfe1 Rac8 19. Nxd5 Qxd5 20. Re5 Qc4 21. Qe3 Rfe8 22. h4 h6 23. Nh3 Qb4 24. Qe2 Rc4 25. a3 Qa4 26. Nf4 Rxd4 27. Nxe6 Bxe6 28. Rxe6 Red8 29. Qf3 Rd1+ 30. Re1 Rxa1 31. Rxa1 Qb5 1/2-1/2

[Event "USA tt playoff"]
[Site "ICC INT"]
[Date "2012.11.15"]
[Round "1"]
[White "Priyadharshan, Kannappan"]
[Black "Altounian, Levon"]
[Result "0-1"]
[WhiteElo "2408"]
[BlackElo "2438"]
[PlyCount "152"]
[EventDate "2012.11.12"]
[EventType "team-k.o."]
[EventRounds "3"]
[EventCountry "USA"]
[SourceTitle "CBM 151 Extra"]
[Source "ChessBase"]
[SourceDate "2012.12.18"]
[SourceVersion "1"]
[SourceVersionDate "2012.12.18"]
[SourceQuality "1"]
[WhiteTeam "St Louis"]
[BlackTeam "Arizona"]
[WhiteTeamCountry "USA"]
[BlackTeamCountry "USA"]

1. Nf3 Nf6 2. e3 g6 3. b4 Bg7 4. Bb2 0-0 5. c4 d6 6. d3 c5 7. a3 b6 8. Be2 Bb7 9. 0-0 Nc6 10. Qb3 e6 11. Nc3 Qe7 12. Rfd1 Rfd8 13. Rac1 Rab8 14. Nd2 Ne8 15. Bf3 f5 16. Nf1 g5 17. Bxc6 Bxc6 18. d4 Nf6 19. d5 exd5 20. Nxd5 Nxd5 21. cxd5 Ba4 22. Qxa4 Bxb2 23. Rb1 Be5 24. bxc5 dxc5 25. Qc4 Qf7 26. a4 Rd6 27. Rd3 Rbd8 28. Rbd1 g4 29. g3 h5 30. h4 Kh7 31. Nd2 Bg7 32. Nb1 Re8 33. Na3 Re4 34. Qc2 Rd7 35. d6 Kg6 36. a5 Rb4 37. axb6 axb6 38. Rd5 Bd4 39. e4 fxe4 40. Qxe4+ Kh6 41. R1xd4 Rxd4 42. Rxd4 cxd4 43. Qxd4 Kh7 44. Qe5 Ra7 45. Nc2 Ra2 46. d7 Qxd7 47. Qxh5+ Kg7 48. Ne3 Ra5 49. Qxg4+ Qxg4 50. Nxg4 Ra1+ 51. Kg2 b5 52. Kf3 b4 53. Ne5 Re1 54. Nd3 b3 55. g4 Kh6 56. Kf4 Re2 57. g5+ Kg7 58. Kf3 Rc2 59. h5 b2 60. Nxb2 Rxb2 61. Kg3 Kf7 62. f3 Ke6 63. Kg4 Rg2+ 64. Kf4 Rh2 65. Kg4 Rg2+ 66. Kf4 Rg1 67. h6 Rg2 68. h7 Rh2 69. Kg4 Rxh7 70. f4 Rh1 71. f5+ Ke5 72. f6 Ke6 73. Kf4 Rf1+ 74. Ke4 Rf5 75. f7 Rxf7 76. g6 Rg7 0-1

[Event "USA tt"]
[Site "ICC INT"]
[Date "2012.10.31"]
[Round "9"]
[White "Altounian, Levon"]
[Black "Priyadharshan, Kannappan"]
[Result "1/2-1/2"]
[WhiteElo "2438"]
[BlackElo "2407"]
[PlyCount "242"]
[EventDate "2012.09.04"]
[EventType "team-tourn"]
[EventRounds "10"]
[EventCountry "USA"]
[SourceTitle "EXT 2013"]
[Source "ChessBase"]
[SourceDate "2012.11.22"]
[SourceVersion "1"]
[SourceVersionDate "2012.11.22"]
[SourceQuality "1"]
[WhiteTeam "Arizona"]
[BlackTeam "St Louis"]
[WhiteTeamCountry "USA"]
[BlackTeamCountry "USA"]

1. Nf3 c5 2. c4 Nc6 3. g3 e5 4. Bg2 g6 5. Nc3 Bg7 6. a3 Nge7 7. b4 e4 8. Ng5 f5 9. bxc5 Qa5 10. Bb2 0-0 11. h4 h6 12. Nh3 Qxc5 13. Rc1 Ne5 14. d4 exd3 15. exd3 Ng4 16. 0-0 d6 17. Re1 Rf7 18. Na4 Qc7 19. Bxg7 Rxg7 20. c5 Kh7 21. Nf4 dxc5 22. Nxc5 Qd6 23. d4 Nc6 24. h5 gxh5 25. d5 Nce5 26. Qd4 h4 27. Nh5 hxg3 28. f4 Re7 29. fxe5 Nxe5 30. Nd3 Nxd3 31. Rxe7+ Qxe7 32. d6 Qe5 33. Qxd3 Bd7 34. Qc3 Qxc3 35. Rxc3 Kg6 36. Nxg3 Kf6 37. Rc7 Bc6 38. Bxc6 bxc6 39. Rxc6 Ke6 40. Ra6 Rd8 41. d7+ Kxd7 42. Nxf5 Kc7 43. Rxa7+ Kb6 44. Ra4 Rd3 45. Kf2 h5 46. Ke2 Rh3 47. Ne3 h4 48. Rf4 Kb5 49. Rf3 Rh2+ 50. Rf2 Rh1 51. Rf1 Rh2+ 52. Rf2 Rh1 53. Nc2 Ka4 54. Kd2 Kb3 55. Rf3+ Kb2 56. Nd4 h3 57. a4 h2 58. Rb3+ Ka2 59. Rh3 Kb2 60. Rb3+ Ka2 61. Rh3 Kb2 62. Rh4 Ka3 63. Nf3 Rb1 64. Ne1 Rb2+ 65. Kc3 Rb3+ 66. Kc2 Rb2+ 67. Kd3 Rb3+ 68. Kd2 Rb2+ 69. Ke3 h1Q 70. Rxh1 Kxa4 71. Nd3 Rg2 72. Rb1 Ka5 73. Kd4 Ka6 74. Ne5 Rc2 75. Nc4 Rh2 76. Kd5 Rh8 77. Nd6 Ka5 78. Kc6 Ka4 79. Nc4 Rh6+ 80. Kd5 Rh5+ 81. Ne5 Ka3 82. Kd4 Rh4+ 83. Kc3 Rh3+ 84. Nd3 Ka4 85. Rb2 Ka5 86. Kc4 Rh4+ 87. Kd5 Ka4 88. Rb8 Ka3 89. Kc5 Rh5+ 90. Kc4 Rh4+ 91. Kc3 Ka4 92. Ne5 Ka5 93. Nc4+ Ka6 94. Kb4 Ka7 95. Rb5 Rh1 96. Rg5 Kb7 97. Kc5 Kc7 98. Rg7+ Kd8 99. Nd6 Rc1+ 100. Kb6 Rb1+ 101. Kc6 Rc1+ 102. Kd5 Rd1+ 103. Ke5 Re1+ 104. Ne4 Kc8 105. Kd5 Rd1+ 106. Kc6 Rc1+ 107. Nc5 Kd8 108. Rf7 Ke8 109. Rh7 Rd1 110. Ne4 Kf8 111. Nf6 Rf1 112. Nd7+ Kg8 113. Re7 Rd1 114. Ne5 Kf8 115. Ng6+ Kg8 116. Nf4 Rf1 117. Ne6 Rd1 118. Kc5 Rc1+ 119. Kd5 Rd1+ 120. Ke5 Rf1 121. Ra7 Kh8 1/2-1/2

[Event "Los Angeles Metropolitan 21st"]
[Site "Los Angeles"]
[Date "2012.08.06"]
[Round "6"]
[White "Altounian, Levon"]
[Black "Yankovsky, Roman"]
[Result "1-0"]
[WhiteElo "2431"]
[BlackElo "2468"]
[PlyCount "91"]
[EventDate "2012.08.03"]
[EventType "tourn"]
[EventRounds "9"]
[EventCountry "USA"]
[EventCategory "10"]
[SourceTitle "EXT 2013"]
[Source "ChessBase"]
[SourceDate "2012.11.22"]
[SourceVersion "1"]
[SourceVersionDate "2012.11.22"]
[SourceQuality "1"]

1. e4 c5 2. c3 d6 3. d4 Nf6 4. Bd3 Qc7 5. Nf3 Bg4 6. 0-0 e6 7. h3 Bh5 8. Bf4 Be7 9. e5 dxe5 10. Qa4+ Nc6 11. Nxe5 Bd6 12. Na3 Bxe5 13. dxe5 Nd5 14. Nb5 Qa5 15. Nd6+ Kd7 16. Qc4 Qa6 17. Qe4 Qb6 18. Bg3 Raf8 19. Bc4 Nce7 20. Bb5+ Kc7 21. c4 Bg6 22. Qh4 Nf5 23. Nxf5 Bxf5 24. a4 a6 25. a5 Qa7 26. Ba4 Nb4 27. Rfd1 Kb8 28. Rd7 Ka8 29. Rad1 Qb8 30. Qe7 Re8 31. Qxf7 g5 32. R1d6 Rd8 33. Rxd8 Rxd8 34. Qe7 Rg8 35. f3 Qf8 36. Qc7 Qc8 37. Qb6 Nd3 38. Bd7 Qd8 39. Bxe6 Qxb6 40. axb6 Bxe6 41. Rxe6 Nxb2 42. Rf6 Kb8 43. e6+ Kc8 44. Rf5 Re8 45. Rxc5+ Kd8 46. Be5 1-0

[Event "Los Angeles Metropolitan 21st"]
[Site "Los Angeles"]
[Date "2012.08.04"]
[Round "2"]
[White "Altounian, Levon"]
[Black "Kretchetov, Alexandre"]
[Result "1-0"]
[WhiteElo "2431"]
[BlackElo "2343"]
[PlyCount "91"]
[EventDate "2012.08.03"]
[EventType "tourn"]
[EventRounds "9"]
[EventCountry "USA"]
[EventCategory "10"]
[SourceTitle "EXT 2013"]
[Source "ChessBase"]
[SourceDate "2012.11.22"]
[SourceVersion "1"]
[SourceVersionDate "2012.11.22"]
[SourceQuality "1"]

1. e4 c5 2. Nf3 Nc6 3. c3 d5 4. exd5 Qxd5 5. d4 Bg4 6. Be2 e6 7. h3 Bh5 8. c4 Qd6 9. d5 Bxf3 10. Bxf3 Nd4 11. Nc3 Nf6 12. 0-0 e5 13. Bg5 Be7 14. Bxf6 Qxf6 15. Qa4+ b5 16. cxb5 Nxf3+ 17. gxf3 0-0 18. Qg4 Qh6 19. Qf5 Rad8 20. Rad1 g6 21. Qg4 f5 22. Qg2 Bd6 23. Rfe1 Rfe8 24. Re2 Qh4 25. Rde1 c4 26. a4 Qf6 27. Qg3 e4 28. Qg2 Be5 29. fxe4 f4 30. Qf3 Re7 31. Rd1 Qd6 32. Kf1 h5 33. Rc2 Rde8 34. Ne2 Qb4 35. Qa3 Qxa3 36. bxa3 f3 37. Ng1 Bd6 38. Nxf3 Rxe4 39. Rd4 Rxd4 40. Nxd4 Re5 41. Nc6 Rxd5 42. Nxa7 Rd3 43. Rxc4 Rxa3 44. b6 Rb3 45. Nb5 Be5 46. Re4 1-0

[Event "USA tt"]
[Site "ICC INT"]
[Date "2011.10.24"]
[Round "9"]
[White "Gupta, Ankit"]
[Black "Altounian, Levon"]
[Result "0-1"]
[WhiteElo "2212"]
[BlackElo "2429"]
[PlyCount "64"]
[EventDate "2011.08.29"]
[EventType "team-tourn"]
[EventRounds "10"]
[EventCountry "USA"]
[SourceTitle "EXT 2012"]
[Source "ChessBase"]
[SourceDate "2011.11.24"]
[SourceVersion "1"]
[SourceVersionDate "2011.11.24"]
[SourceQuality "1"]
[WhiteTeam "Los Angeles"]
[BlackTeam "Arizona"]
[WhiteTeamCountry "USA"]
[BlackTeamCountry "USA"]

1. e4 g6 2. d4 Bg7 3. Nc3 c6 4. Be3 d5 5. exd5 cxd5 6. Bb5+ Bd7 7. Bxd7+ Qxd7 8. Nh3 Nc6 9. Nf4 e6 10. Nd3 Nge7 11. Nc5 Qc7 12. Qd2 Nf5 13. Ne2 Ncxd4 14. Nxd4 Nxe3 15. Ndxe6 Nxg2+ 16. Kf1 fxe6 17. Nxe6 Qc4+ 18. Kxg2 Qg4+ 19. Kf1 Qxe6 20. Re1 Be5 21. Qe3 0-0 22. Qxe5 Qh3+ 23. Kg1 Rf5 24. Qg3 Qh6 25. Qe3 Qh4 26. h3 Rg5+ 27. Kf1 Rf8 28. b3 d4 29. Qe2 Qg3 30. Qc4+ Kg7 31. Qxd4+ Kh6 32. Ke2 Qf3+ 0-1

[Event "Lubbock SPICE Cup-C 5th"]
[Site "Lubbock"]
[Date "2011.10.19"]
[Round "9"]
[White "Altounian, Levon"]
[Black "Finegold, Benjamin"]
[Result "1/2-1/2"]
[WhiteElo "2429"]
[BlackElo "2489"]
[PlyCount "45"]
[EventDate "2011.10.15"]
[EventType "tourn"]
[EventRounds "9"]
[EventCountry "USA"]
[EventCategory "8"]
[SourceTitle "CBM 144 Extra"]
[Source "ChessBase"]
[SourceDate "2011.10.28"]
[SourceVersion "1"]
[SourceVersionDate "2011.10.28"]
[SourceQuality "1"]

1. e4 c5 2. c3 d5 3. exd5 Qxd5 4. d4 Nf6 5. Nf3 Bg4 6. Be2 e6 7. h3 Bh5 8. 0-0 Nc6 9. Be3 cxd4 10. cxd4 Be7 11. Nc3 Qd6 12. Qb3 0-0 13. Rfd1 Rfd8 14. a3 Nd5 15. Nxd5 exd5 16. Rac1 Bxf3 17. Bxf3 Na5 18. Qc3 Nc4 19. Bxd5 Nxe3 20. Qxe3 h6 21. Bxb7 Bg5 22. Qf3 Bxc1 23. Bxa8 1/2-1/2

[Event "Lubbock SPICE Cup-C 5th"]
[Site "Lubbock"]
[Date "2011.10.17"]
[Round "5"]
[White "Altounian, Levon"]
[Black "Diamant, Andre"]
[Result "1/2-1/2"]
[WhiteElo "2429"]
[BlackElo "2505"]
[PlyCount "128"]
[EventDate "2011.10.15"]
[EventType "tourn"]
[EventRounds "9"]
[EventCountry "USA"]
[EventCategory "8"]
[SourceTitle "CBM 144 Extra"]
[Source "ChessBase"]
[SourceDate "2011.10.28"]
[SourceVersion "1"]
[SourceVersionDate "2011.10.28"]
[SourceQuality "1"]

1. Nf3 g6 2. g3 Bg7 3. Bg2 e5 4. 0-0 Nc6 5. c4 f5 6. Nc3 Nf6 7. d4 e4 8. Ne1 0-0 9. Nc2 d5 10. b3 Be6 11. Ba3 Re8 12. Ne3 Bf7 13. cxd5 Ne7 14. d6 cxd6 15. Nc4 Rc8 16. Nb5 d5 17. Ncd6 Qa5 18. Nxf7 Qxb5 19. Nd6 Qa5 20. Nxe8 Qxa3 21. Nxg7 Kxg7 22. Qd2 Nc6 23. Rac1 h5 24. b4 a6 25. Rc5 e3 26. Qxe3 Qxa2 27. b5 Re8 28. Qf4 axb5 29. Rxb5 Qxe2 30. Rxb7+ Re7 31. Rxe7+ Qxe7 32. Rc1 Qd7 33. Rc5 Kf7 34. Bf3 Qe6 35. Kg2 Qd7 36. h3 Qe6 37. Qc7+ Ne7 38. Qe5 Nd7 39. Qxe6+ Kxe6 40. Ra5 Nf6 41. Ra6+ Kf7 42. h4 f4 43. Ra4 fxg3 44. fxg3 Nf5 45. Kh3 Ne3 46. Ra3 Nf5 47. Rd3 Ne4 48. Bxe4 dxe4 49. Rd2 e3 50. Re2 Ke6 51. g4 hxg4+ 52. Kxg4 Kd5 53. h5 Nh6+ 54. Kf4 gxh5 55. Rxe3 Kxd4 56. Rh3 Ng4 57. Rxh5 Nf2 58. Rh4 Nd3+ 59. Kf3+ Kd5 60. Ke3 Nc5 61. Rg4 Ne6 62. Ra4 Nc5 63. Rh4 Ne6 64. Rh5+ Kc4 1/2-1/2

[Event "Lubbock SPICE Cup-C 5th"]
[Site "Lubbock"]
[Date "2011.10.17"]
[Round "4"]
[White "Neimer, Vitaly"]
[Black "Altounian, Levon"]
[Result "1/2-1/2"]
[WhiteElo "2373"]
[BlackElo "2429"]
[PlyCount "125"]
[EventDate "2011.10.15"]
[EventType "tourn"]
[EventRounds "9"]
[EventCountry "USA"]
[EventCategory "8"]
[SourceTitle "CBM 144 Extra"]
[Source "ChessBase"]
[SourceDate "2011.10.28"]
[SourceVersion "1"]
[SourceVersionDate "2011.10.28"]
[SourceQuality "1"]

1. e4 e6 2. d4 d5 3. Nd2 c5 4. exd5 Qxd5 5. Ngf3 cxd4 6. Bc4 Qd6 7. 0-0 Nf6 8. Nb3 Nc6 9. Nbxd4 Nxd4 10. Nxd4 a6 11. Re1 Qc7 12. Qe2 Bd7 13. a4 Bc5 14. c3 h6 15. g3 Bxd4 16. cxd4 Bc6 17. Bf4 Qe7 18. d5 Bxd5 19. Rad1 Rd8 20. Bxd5 Nxd5 21. Qe5 Nxf4 22. Rxd8+ Qxd8 23. Qxf4 0-0 24. Rc1 Qd3 25. Rc7 Qb1+ 26. Qc1 Qxc1+ 27. Rxc1 Rd8 28. Rc7 Rd4 29. Rxb7 Rxa4 30. b4 g5 31. Kg2 Kg7 32. b5 axb5 33. Rxb5 Kg6 34. h3 h5 35. Rc5 f5 36. Re5 Kf6 37. Rb5 h4 38. gxh4 Rxh4 39. Ra5 Rd4 40. Kg3 Rd3+ 41. Kg2 Rd5 42. Ra4 Ke5 43. Ra6 Rd3 44. Ra4 Kd5 45. Ra6 Rb3 46. Ra5+ Ke4 47. Ra4+ Ke5 48. Ra5+ Kf6 49. Rc5 Rd3 50. Ra5 f4 51. Rb5 e5 52. f3 Rd2+ 53. Kg1 Re2 54. Rb6+ Kf5 55. Rb5 Kf6 56. Rb6+ Kf5 57. Rb5 Ke6 58. Rb6+ Kd5 59. Rb4 Rc2 60. Ra4 Rc1+ 61. Kf2 Rc2+ 62. Kg1 Rc4 63. Ra2 1/2-1/2